000 00735nam a22002657a 4500
001 49955
003 UA-OsUOA
005 20210621215423.0
007 ta
008 20140506b un ||||| |||| 00| 0 ukr d
040 _aUA-OsUOA
_bukr
_cUA-OsUOA
_dUA-OsUOA
041 _aukr
080 _a82-94
090 _a82-94
_bВ27
100 _aВеличко С.
245 _aЛітопис
_nт. 1
260 _aК.
_bДніпро
_c1991
300 _a369 с.
490 _vт. 1
650 7 _a82 Література. Літературознавство
_2UDC
942 _cBK
_2udc
955 _a1
999 _c430078
_d430078